NBA Leading Scorer Every Year by Letter - K - Statistics

General Stats
  • This quiz has been taken 23 times
  • The average score is 32 of 76
Answer Stats
Year PPG Team Player % Correct
1992 15.5 Seattle SuperSonics Shawn Kemp
76%
1993 17.8 Seattle SuperSonics Shawn Kemp
76%
1994 18.1 Seattle SuperSonics Shawn Kemp
76%
1995 18.7 Seattle SuperSonics Shawn Kemp
76%
1996 19.6 Seattle SuperSonics Shawn Kemp
76%
1997 18.7 Seattle SuperSonics Shawn Kemp
76%
1998 18.0 Cleveland Cavaliers Shawn Kemp
76%
1999 20.5 Cleveland Cavaliers Shawn Kemp
76%
2000 17.8 Cleveland Cavaliers Shawn Kemp
76%
2018 16.1 Los Angeles Lakers Kyle Kuzma
71%
2019 18.7 Los Angeles Lakers Kyle Kuzma
71%
2021 12.9 Los Angeles Lakers Kyle Kuzma
71%
2022 17.1 Washington Wizards Kyle Kuzma
71%
2023 21.2 Washington Wizards Kyle Kuzma
71%
2024 22.2 Washington Wizards Kyle Kuzma
71%
2025 14.8 Milwaukee Bucks Kyle Kuzma
71%
1978 24.2 New Jersey Nets Bernard King
67%
1981 21.9 Golden State Warriors Bernard King
67%
1982 23.2 Golden State Warriors Bernard King
67%
1983 21.9 New York Knicks Bernard King
67%
1984 26.3 New York Knicks Bernard King
67%
1985 32.9 New York Knicks Bernard King
67%
1989 20.7 Washington Bullets Bernard King
67%
1990 22.4 Washington Bullets Bernard King
67%
1991 28.4 Washington Bullets Bernard King
67%
1952 10.0 Syracuse Nationals George King
67%
1953 11.2 Syracuse Nationals George King
67%
1954 11.3 Syracuse Nationals George King
67%
2004 16.5 Utah Jazz Andrei Kirilenko
57%
2005 15.6 Utah Jazz Andrei Kirilenko
57%
2006 15.3 Utah Jazz Andrei Kirilenko
57%
2009 11.6 Utah Jazz Andrei Kirilenko
57%
2011 11.7 Utah Jazz Andrei Kirilenko
57%
2001 16.9 Phoenix Suns Jason Kidd
43%
2002 14.7 New Jersey Nets Jason Kidd
43%
2003 18.7 New Jersey Nets Jason Kidd
43%
2008 15.7 Los Angeles Clippers Chris Kaman
38%
2010 18.5 Los Angeles Clippers Chris Kaman
38%
2012 13.1 New Orleans Hornets Chris Kaman
38%
1987 12.3 Portland Trail Blazers Jerome Kersey
38%
1988 19.2 Portland Trail Blazers Jerome Kersey
38%
1955 10.5 Syracuse Nationals Red Kerr
38%
1956 13.3 Syracuse Nationals Red Kerr
38%
1957 12.4 Syracuse Nationals Red Kerr
38%
1958 15.2 Syracuse Nationals Red Kerr
38%
1959 17.8 Syracuse Nationals Red Kerr
38%
1960 14.7 Syracuse Nationals Red Kerr
38%
1961 13.4 Syracuse Nationals Red Kerr
38%
1962 16.3 Syracuse Nationals Red Kerr
38%
1963 15.7 Syracuse Nationals Red Kerr
38%
1964 16.8 Syracuse Nationals Red Kerr
38%
1977 26.6 Indiana Pacers Billy Knight
33%
2013 13.3 Detroit Pistons Brandon Knight
33%
2014 17.9 Milwaukee Bucks Brandon Knight
33%
2015 17.0 Milwaukee Bucks Brandon Knight
33%
2016 19.6 Phoenix Suns Brandon Knight
33%
2007 14.4 Philadelphia 76ers Kyle Korver
19%
1979 22.1 San Antonio Spurs Larry Kenon
10%
1980 20.1 San Antonio Spurs Larry Kenon
10%
2020 15.8 Detroit Pistons Luke Kennard
10%
1971 20.4 Buffalo Braves Bob Kauffman
0%
1972 18.9 Buffalo Braves Bob Kauffman
0%
1973 17.5 Buffalo Braves Bob Kauffman
0%
1986 17.9 Indiana Pacers Clark Kellogg
0%
1968 19.7 San Diego Rockets Don Kojis
0%
1969 22.5 San Diego Rockets Don Kojis
0%
1970 15.3 San Diego Rockets Don Kojis
0%
1974 13.1 Kansas City-Omaha Royals Don Kojis
0%
1965 12.2 New York Knicks Howard Komives
0%
1966 13.9 New York Knicks Howard Komives
0%
1967 15.7 New York Knicks Howard Komives
0%
1951 10.5 Fort Wayne Pistons Jack Kerris
0%
1975 10.8 Houston Rockets Kevin Kunnert
0%
1976 12.9 Houston Rockets Kevin Kunnert
0%
1950 11.1 Waterloo Hawks Leo Kubiak
0%
2017 13.1 Brooklyn Nets Sean Kilpatrick
0%
No matching quizzes found
Score Distribution
Percent of People with Each Score
Percentile by Number Answered
Your Score History
You have not taken this quiz